power rangers main villains - Statistics

General Stats
  • This quiz has been taken 966 times
  • The average score is 6 of 15
Answer Stats
Hint Answer % Correct
mighty morphin (male) lord zedd
84%
turbo divatox
57%
ninja storm lothor
55%
wild force master org
52%
time force ransik
51%
jungle fury dai shi
50%
dino thunder mesogog
41%
zeo mondo
35%
operation overdrive flurious
26%
in space dark specter
24%
lost galaxy scorpius
24%
mystic force the master
23%
lightspeed rescue bansheera
21%
spd gruumm
18%
rpm vanjix
8%
No matching quizzes found
Score Distribution
Percent of People with Each Score
Percentile by Number Answered
Your Score History
You have not taken this quiz